Recración filosófica, ó, Diálogo sobre la filosofía natural, para instrucción de personas curiosas que no han frecuentado las aulas

Detalles Bibliográficos
Autor principal: Almeyda, Theodoro de 1722-1804
Otros Autores: Mata, Pedro (Revisador)
Formato: Libro
Lenguaje:Spanish
Publicado: París 1841
Edición:Nueva edición, considerablemente refundida, aumentada y puesta al nivel de los conocimientos actuales, por D. Pedro Mata, médico cirujano de la ciudad de Barcelona, miembro titular y corresponsal del círculo médico de Montpeller, miembro corresponsal de la Sociedad Médico-Cirúrgica de la misma ciudad, etc.
Materias:
Colección:Banco de datos
Acervo:Biblioteca de la Congregación del Oratorio de San Felipe Neri de México. Iglesia La Profesa
Descripción Física:t. 18 cm.
Tema general:Filosofía
Notas:Encuadernación en piel sobre cartón (7532, 7854-7862)
LEADER 01546nam a22002170004500
035 |a 3483 
041 0 |a spa 
100 1 |a Almeyda, Theodoro de  |d 1722-1804 
245 1 0 |a Recración filosófica, ó, Diálogo sobre la filosofía natural, para instrucción de personas curiosas que no han frecuentado las aulas  |c obra escrita en portugues por el P. D. Teodoro de Almeida, de la Congr. del Oratorio de S. Felipe Neri, y de la Academia de las Ciencias de Lisboa, socio de la real Sociedad de Londres y de la de Vizcaya, traducida al castellano 
250 |a Nueva edición, considerablemente refundida, aumentada y puesta al nivel de los conocimientos actuales, por D. Pedro Mata, médico cirujano de la ciudad de Barcelona, miembro titular y corresponsal del círculo médico de Montpeller, miembro corresponsal de la Sociedad Médico-Cirúrgica de la misma ciudad, etc. 
260 |a París  |b librería de Rosa  |c 1841 
300 |a  t.  |c 18 cm. 
500 |a Encuadernación en piel sobre cartón (7532, 7854-7862) 
504 |a Índice de contenido 
650 1 0 |a Filosofía 
700 1 |a Mata, Pedro  |e rev. 
740 0 |a Diálogo sobre la filosofía natural, para instrucción de personas curiosas que no han frecuentado las aulas 
949 |a Iglesia La Profesa, Biblioteca t. 1 (7532); t. 2 (7854); t. 3 (7855); t. 4 (7856); t. 5 (7857); t. 6 (7858); t. 7 (7859); t. 8 (7860); t. 9 (7861); t. 10 (7862)  
942 |c PROFESA 
943 |g Biblioteca de la Congregación del Oratorio de San Felipe Neri de México. Iglesia La Profesa 
999 |c 950294  |d 950294